| 000 | 01133cam a2200301 i 4500 | ||
|---|---|---|---|
| 001 | 17504315 | ||
| 003 | SISC | ||
| 005 | 20170126090523.0 | ||
| 008 | 121022s2014 ohua b 001 0 eng | ||
| 010 | _a 2012952305 | ||
| 020 | _a9781285056821 (paperback) | ||
| 020 | _a1285056825 (paperback) | ||
| 040 |
_aDLC _beng _cDLC _erda |
||
| 042 | _apcc | ||
| 050 | 0 | 0 |
_aHD 62.25 _b.P687 2014 |
| 100 | 1 |
_aPoza, Ernesto J. _d1950- |
|
| 245 | 1 | 0 |
_aFamily business / _cErnesto J. Poza, Thunderbird School of Global Managemeng, Mary S. Daugherty, University of St. Thomas. |
| 250 | _a4th edition. | ||
| 260 |
_aU.S.A. : _bSouth-Western, CENGAGE Learning, _c2014. |
||
| 300 |
_axvi, 461 pages : _billustrations ; _c23 cm. |
||
| 500 | _aIncludes bibliographical references and index. | ||
| 650 | 0 |
_aFamily-owned business enterprises _xManagement. |
|
| 650 | 0 |
_aFamily-owned business enterprises _xSuccession. |
|
| 700 | 1 |
_aDaugherty, Mary S. _q(Mary Schmid). |
|
| 906 |
_a7 _bcbc _corignew _d3 _eepcn _f20 _gy-gencatlg |
||
| 942 |
_2lcc _cBK _kFOR |
||
| 999 |
_c276713 _d276713 |
||